La ciudad de nadie

Zapisane w:
Opis bibliograficzny
1. autor: Uslar-Pietri, Arturo (Autor)
Format: Książka
Język:hiszpański
Wydane: Buenos Aires Losada 1960
Seria:Biblioteca Contemporánea, 296
Hasła przedmiotowe:
Etykiety: Dodaj etykietę
Nie ma etykietki, Dołącz pierwszą etykiete!

MARC

LEADER 00000nam a2200000 a 4500
001 UCZ9098
003 CL-VaPUC
008 960301e19600000AG |||||||||||||||||spa|d
082 0 4 |a Ve863  |b USL  |2 21 
100 0 |a Uslar-Pietri, Arturo  |e author  |9 354309 
245 1 3 |a La ciudad de nadie 
246 1 3 |a El otoño en Europa 
246 1 3 |a Un turista en el cercano oriente 
300 |a 169 p 
942 |c BK 
945 |d 19960301 00:00:00  |a rleighto 
260 |a Buenos Aires  |b Losada  |c 1960 
650 0 |a Novelas venezolanas  |9 312407 
583 |a last modification  |c 19960301 00:00:00  |k Rodrigo Vera 
490 0 |a Biblioteca Contemporánea, 296 
999 |c 244683  |d 244681 
952 |0 0  |1 0  |4 0  |6 VE_863_000000000000000_USL_1960  |7 0  |8 A  |9 258843  |a BIBEDU  |b BIBEDU  |d 2019-11-19  |i 3174239  |o Ve863 USL 1960  |p 3174239  |r 2019-11-19  |w 2019-11-19  |y BK  |k LIT